| 000 | 00600cam a2200217 4500 | ||
|---|---|---|---|
| 008 | 090401t1991 xxu||||| |||| 00| 0 eng d | ||
| 020 | _a9519620354 | ||
| 035 | _a(Sirsi) u1094 | ||
| 041 | _aeng | ||
| 050 | _a526.90621 | ||
| 110 | _aFederation International Des Geometres | ||
| 245 | _aFIG and member associations: how to improve their relationship. | ||
| 260 |
_aHelsinki _bFIG Bureau _c1991 |
||
| 300 | _a22p. : ill. ; 20cm. | ||
| 350 | _a0 | ||
| 490 |
_aFIG Publication _v6 |
||
| 650 | _aSURVEYING ASSOCIATIONS | ||
| 690 | _aPROFESSIONAL PRACTICE | ||
| 942 | _n0 | ||
| 948 | _c04/03/1997 | ||
| 999 |
_c85628 _d85628 |
||